| 000 | 00644nam a2200181Ia 4500 | ||
|---|---|---|---|
| 003 | GCL | ||
| 008 | 140319s9999 xx 000 0 ara d | ||
| 040 |
_aGCL / _cGCL |
||
| 082 | 0 | 4 |
_a153 _bا ذ |
| 100 | 1 | _aاسماعيل عبدالفتاح عبدالكافى | |
| 245 | 1 | 0 |
_aذكاء الطفل المسلم / _cاسماعيل عبدالفتاح عبدالكافى |
| 260 |
_aالرياض : _bجامعة الامام محمد بن سعود ، _c1996 |
||
| 300 |
_a119 ص ؛ _c24 سم |
||
| 650 | 0 | 4 | _aالذكاء |
| 650 | 0 | 4 | _aالتربية الاسلامية |
| 650 | 0 | 4 | _aالاطفال - اختبارات الذكاء |
| 942 |
_2ddc _cBK |
||
| 999 |
_c6898 _d6898 |
||